States with Highest Cancer Rates - Statistics

General Stats
  • This quiz has been taken 11 times
  • The average score is 10 of 13
Answer Stats
Hint Answer % Correct
511.7 Kentucky
90%
484.3 New York
90%
483.0 Pennsylvania
90%
464.0 West Virginia
90%
474.2 Connecticut
80%
463.8 Maine
80%
483.1 New Jersey
80%
479.4 Rhode Island
80%
502.0 Delaware
70%
459.9 Mississippi
70%
476.3 Louisiana
60%
457.5 Massachusetts
60%
479.2 New Hampshire
60%
No matching quizzes found
Score Distribution
Percent of People with Each Score
Percentile by Number Answered
Your Score History
You have not taken this quiz